000 00342 a2200157 4500
001 68405
020 _a9786556132839
040 _cAnchieta - Pituba
100 _aSantos, Thaís Siqueira
240 1 0 _aHistória 8º ano
_l
245 1 0 _aHistória 8º ano
300 _a224
362 0 _a2023
650 4 _aHistória do mundo
942 _cBK
999 _c68405
_d68405